[Event "Cto de Aragon por Equipos D. Honor"]
[Site "?"]
[Date "2020.03.07"]
[Round "7.4"]
[White "Crespo Laborda, Alberto"]
[Black "Eizaguerri Floris, Maria"]
[Result "0-1"]
[WhiteElo "1570"]
[BlackElo "2014"]
[PlyCount "100"]
[EventDate "2020.01.25"]
[WhiteTeam "Palacio De Pioneros B"]
[BlackTeam "Jaime Casas"]

1. d4 d5 2. Nf3 c5 3. e3 Nc6 4. b3 Nf6 5. Bb2 e6 6. a3 b6 7. Bd3 Bb7 8. O-O Be7
9. Nbd2 O-O 10. Rc1 Rc8 11. c4 cxd4 12. exd4 Bd6 13. Ne5 Bb8 14. Bb1 dxc4 15.
Ndxc4 Ne7 16. Ne3 Ned5 17. Rxc8 Qxc8 18. N3g4 Qd8 19. Qc2 h5 20. Nxf6+ Nxf6 21.
f3 Qd5 22. Rc1 Bd6 23. Qc4 Rc8 24. Qxd5 Rxc1+ 25. Bxc1 Nxd5 26. Nc4 Bc7 27. Ne3
Bf4 28. Kf2 Bxh2 29. Be4 Bc7 30. Nxd5 exd5 31. Bd3 g6 32. a4 Bd6 33. g3 Kg7 34.
f4 Bc8 35. Bd2 Bd7 36. Be2 a5 37. Bf3 Be6 38. Be2 Kf6 39. Bd3 Bf5 40. Bxf5 Kxf5
41. Kf3 f6 42. Be3 Bb4 43. Kf2 Ke4 44. Ke2 Bc3 45. Bc1 Bxd4 46. Ba3 Bc5 47. Bb2
d4 48. Kf2 d3+ 49. Ke1 Bd4 50. Bxd4 Kxd4 0-1

[Event "Cto de Aragon por Equipos D. Honor"]
[Site "?"]
[Date "2020.03.07"]
[Round "7.5"]
[White "Adla, Diego"]
[Black "Abril Avellanas, Eduardo"]
[Result "1-0"]
[WhiteElo "2440"]
[BlackElo "2175"]
[PlyCount "53"]
[EventDate "2020.01.25"]
[WhiteTeam "St. Casablanca A"]
[BlackTeam "Atletismo Huesca"]

1. e4 e6 2. d4 d5 3. Nd2 Nc6 4. Ngf3 Nf6 5. e5 Nd7 6. Be2 f6 7. exf6 Qxf6 8.
Nf1 b6 9. Ng3 Bb7 10. O-O h6 11. c4 Bd6 12. a3 O-O 13. b4 dxc4 14. Bxc4 Ne7 15.
Qe2 Nd5 16. Bd2 Kh8 17. Qe4 Rf7 18. Rae1 Nf8 19. Ne5 Bxe5 20. dxe5 Qe7 21. Qg4
a5 22. bxa5 bxa5 23. Ra1 Qc5 24. Bd3 Nf4 25. Bxf4 Qd4 26. Be4 Bxe4 27. Be3 1-0

[Event "Cto de Aragon por Equipos D. Honor"]
[Site "?"]
[Date "2020.03.07"]
[Round "7.6"]
[White "Salamero Pelay, Fernando"]
[Black "Glavina, Pablo"]
[Result "0-1"]
[WhiteElo "2075"]
[BlackElo "2405"]
[PlyCount "56"]
[EventDate "2020.01.25"]
[WhiteTeam "Atletismo Huesca"]
[BlackTeam "St. Casablanca A"]

1. e4 e5 2. Nf3 Nc6 3. d4 exd4 4. Nxd4 Nf6 5. Nxc6 bxc6 6. e5 Qe7 7. Qe2 Nd5 8.
h4 a5 9. c4 Ba6 10. Rh3 Nb6 11. b3 Qe6 12. Nc3 a4 13. f4 Bb4 14. Bd2 O-O 15.
Ne4 axb3 16. Bxb4 Bxc4 17. Qh5 Rxa2 18. Rxa2 bxa2 19. Ra3 Ra8 20. Rxa8+ Nxa8
21. Bc3 Bxf1 22. Qg5 h6 23. Qd8+ Kh7 24. Qxa8 Qc4 25. Kd1 Bxg2 26. e6 Bf3+ 27.
Kc1 Qf1+ 28. Kb2 Qb1+ 0-1

[Event "Cto de Aragon por Equipos D. Honor"]
[Site "?"]
[Date "2020.03.07"]
[Round "7.7"]
[White "Bescos Cortes, Daniel"]
[Black "Gella Lopez, Angel"]
[Result "0-1"]
[WhiteElo "2183"]
[BlackElo "2083"]
[PlyCount "62"]
[EventDate "2020.01.25"]
[WhiteTeam "St. Casablanca A"]
[BlackTeam "Atletismo Huesca"]

1. e4 c5 2. Nc3 e6 3. Nge2 Nc6 4. g3 d5 5. exd5 exd5 6. d4 Bg4 7. Qd2 Nf6 8.
Bg2 cxd4 9. Nxd4 Bc5 10. Nxc6 bxc6 11. O-O O-O 12. b3 Re8 13. Bb2 Qd6 14. Rfe1
Ba3 15. Na4 Bxb2 16. Nxb2 Bf5 17. c4 Ne4 18. Qd4 Qd7 19. Rad1 Rad8 20. cxd5
cxd5 21. Nd3 Nf6 22. Rxe8+ Rxe8 23. Nf4 Bg4 24. Nxd5 Nxd5 25. Qxd5 Qc8 26. Bf3
Bh3 27. b4 g6 28. a4 Qc3 29. Be4 Qxb4 30. f3 Qb6+ 31. Qd4 Rd8 0-1

[Event "Cto de Aragon por Equipos D. Honor"]
[Site "?"]
[Date "2020.03.07"]
[Round "7.8"]
[White "Gella Bitrian, Diego"]
[Black "Chueca Lorente, Javier"]
[Result "1-0"]
[WhiteElo "2068"]
[BlackElo "2137"]
[PlyCount "91"]
[EventDate "2020.01.25"]
[WhiteTeam "Atletismo Huesca"]
[BlackTeam "St. Casablanca A"]

1. e4 c5 2. Nf3 e6 3. d4 cxd4 4. Nxd4 Nf6 5. Nc3 d6 6. Be2 Nc6 7. O-O Be7 8.
Kh1 d5 9. exd5 exd5 10. Bf3 h6 11. Re1 O-O 12. h3 Bb4 13. Bf4 Qa5 14. Qd3 Nxd4
15. Qxd4 Bc5 16. Qd3 d4 17. Nb5 a6 18. Nd6 Qb6 19. Nc4 Qd8 20. Re5 Ba7 21. Re2
Re8 22. Rae1 Rxe2 23. Qxe2 Bc5 24. Qe5 Bf8 25. Rd1 Be6 26. Rxd4 Qc8 27. Nb6 Nd7
28. Rxd7 Qxc2 29. Rd1 Re8 30. Bg3 Be7 31. Qc3 Qg6 32. Nd5 Bg5 33. Nf4 Bxf4 34.
Bxf4 Bxa2 35. Bxb7 Qb6 36. Qf3 a5 37. Qc6 Re6 38. Qxb6 Rxb6 39. Rd8+ Kh7 40.
Be4+ g6 41. Be5 f6 42. Rd7+ Kg8 43. Bc3 f5 44. Bd5+ Bxd5 45. Rxd5 a4 46. Ra5
1-0

[Event "Cto de Aragon por Equipos D. Honor"]
[Site "?"]
[Date "2020.03.07"]
[Round "7.9"]
[White "Garza Marco, Sergio"]
[Black "Del Rey, Diego"]
[Result "1/2-1/2"]
[WhiteElo "2402"]
[BlackElo "2381"]
[PlyCount "157"]
[EventDate "2020.01.25"]
[WhiteTeam "Helios"]
[BlackTeam "El Olivar"]

1. d4 Nf6 2. c4 c5 3. d5 e6 4. Nc3 d6 5. e4 g6 6. h3 Bg7 7. Nf3 O-O 8. Bd3 exd5
9. cxd5 b5 10. Bxb5 Nxe4 11. Nxe4 Qa5+ 12. Nfd2 Qxb5 13. Nxd6 Qa6 14. N2c4 Nd7
15. O-O Ne5 16. Nxe5 Bxe5 17. Nxc8 Raxc8 18. Qf3 Rfe8 19. Rd1 Bd4 20. Be3 Bxb2
21. Rab1 Be5 22. d6 Bxd6 23. Rb7 Re7 24. Rxe7 Bxe7 25. Rd7 Qe6 26. Rxa7 Bf6 27.
Qb7 Bd4 28. Ra6 Qe8 29. Qf3 Bxe3 30. Qxe3 Qxe3 31. fxe3 c4 32. Rb6 c3 33. Rb1
Kg7 34. Kf2 Ra8 35. Rb6 Rxa2+ 36. Kf3 Rd2 37. Rc6 c2 38. g4 Kf8 39. Rc7 Ke8 40.
g5 Kd8 41. Rc4 Ke7 42. e4 Ke6 43. Ke3 Rh2 44. Kf4 Kd6 45. Kg3 Rd2 46. Kf4 Ke7
47. Ke3 Rh2 48. Kf4 Kf8 49. Kg3 Rd2 50. Kf4 Kg7 51. h4 h5 52. gxh6+ Kxh6 53.
Rc5 Kg7 54. Rc6 Kh6 55. Rc5 Kg7 56. Rc6 Kf8 57. Rc7 Ke8 58. Ke3 Rh2 59. Kd3
Rxh4 60. Rxc2 Rh3+ 61. Kd4 Rf3 62. Rc7 Kf8 63. e5 Rf1 64. Ke4 Kg7 65. Ke3 g5
66. Rc6 Re1+ 67. Kd4 Kf8 68. Rf6 Ke7 69. Rf5 g4 70. Rg5 Ra1 71. Ke4 Ke6 72. Kf4
Rg1 73. Rh5 Kd5 74. Rh8 g3 75. Rd8+ Ke6 76. Rd6+ Ke7 77. Rd2 g2 78. Kg3 Ke6 79.
Kh2 1/2-1/2

[Event "Cto de Aragon por Equipos D. Honor"]
[Site "?"]
[Date "2020.03.07"]
[Round "7.10"]
[White "Villuendas Valero, Adrian"]
[Black "Calvo Simon, Jorge"]
[Result "1/2-1/2"]
[WhiteElo "2265"]
[BlackElo "2213"]
[PlyCount "84"]
[EventDate "2020.01.25"]
[WhiteTeam "El Olivar"]
[BlackTeam "Helios"]

1. d4 Nf6 2. c4 g6 3. Nc3 Bg7 4. e4 d6 5. Nf3 O-O 6. Be2 e5 7. d5 a5 8. Bg5 h6
9. Bh4 Na6 10. Nd2 Nc5 11. O-O Qe8 12. b3 Nh7 13. a3 h5 14. f3 Bh6 15. Rb1 f5
16. b4 axb4 17. axb4 Na4 18. Nb5 Qd7 19. Qc2 c6 20. Nc3 Nxc3 21. Qxc3 Ra2 22.
Rb2 Rxb2 23. Qxb2 Be3+ 24. Bf2 Bxf2+ 25. Rxf2 Ng5 26. Bd3 f4 27. c5 h4 28. cxd6
Re8 29. Nc4 Nf7 30. Nb6 Qxd6 31. Bc4 h3 32. Nxc8 Rxc8 33. dxc6 Qxc6 34. Bxf7+
Kxf7 35. gxh3 Qc3 36. Qd2 Qxd2 37. Rxd2 Ke6 38. Rd5 Rc3 39. Kf2 Rc2+ 40. Kg1
Rc1+ 41. Kf2 Rh1 42. Kg2 Rc1 1/2-1/2

[Event "Cto de Aragon por Equipos D. Honor"]
[Site "?"]
[Date "2020.03.07"]
[Round "7.12"]
[White "Galstyan, David"]
[Black "Cerrajeria Ruiz, Jesus Maria"]
[Result "1-0"]
[WhiteElo "1825"]
[BlackElo "2158"]
[PlyCount "45"]
[EventDate "2020.01.25"]
[WhiteTeam "El Olivar"]
[BlackTeam "Helios"]

1. e4 g6 2. d4 Bg7 3. Nc3 c6 4. Nf3 Nf6 5. e5 Nd5 6. Nxd5 cxd5 7. Bf4 Qb6 8.
Qc1 Nc6 9. c3 Nd8 10. Bd3 Ne6 11. Bg3 h5 12. h4 Bh6 13. Qc2 Bf4 14. O-O Bxg3
15. fxg3 O-O 16. a4 a5 17. Bxg6 d6 18. Bxh5 f5 19. exf6 Rxf6 20. Ng5 Nf8 21.
Rae1 Rh6 22. Rxf8+ Kxf8 23. Qf2+ 1-0

[Event "Cto de Aragon por Equipos D. Honor"]
[Site "?"]
[Date "2020.03.07"]
[Round "7.17"]
[White "Lopez Gracia, Fernando"]
[Black "Accattato Martin, Mario"]
[Result "1-0"]
[WhiteElo "2293"]
[BlackElo "2223"]
[PlyCount "65"]
[EventDate "2020.01.25"]
[WhiteTeam "IberCaja"]
[BlackTeam "Monzon"]

1. e4 d6 2. d4 Nf6 3. Nc3 Nbd7 4. Nf3 e5 5. Bc4 Be7 6. O-O O-O 7. a4 c6 8. Re1
b6 9. h3 a6 10. Ba2 Rb8 11. Qd3 b5 12. axb5 axb5 13. b4 c5 14. bxc5 dxc5 15.
dxe5 c4 16. Qe2 Bb4 17. Bd2 Bxc3 18. Bxc3 Nh5 19. Qe3 Ra8 20. g4 Ra3 21. Bxc4
Rxc3 22. Qxc3 bxc4 23. gxh5 Nc5 24. Qd4 Qb6 25. Qd6 Qb4 26. Kg2 f6 27. e6 Bxe6
28. Reb1 Qc3 29. Qxc5 Bxh3+ 30. Kg3 f5 31. Ra3 Qxc2 32. Qd5+ Kh8 33. Ra8 1-0

[Event "Cto de Aragon por Equipos D. Honor"]
[Site "?"]
[Date "2020.03.07"]
[Round "7.18"]
[White "Barranco Mananet, Fernando"]
[Black "Palacios Latasa, Elias"]
[Result "0-1"]
[WhiteElo "2034"]
[BlackElo "2176"]
[PlyCount "88"]
[EventDate "2020.01.25"]
[WhiteTeam "Monzon"]
[BlackTeam "IberCaja"]

1. e4 e5 2. Nf3 Nc6 3. d4 exd4 4. Nxd4 d6 5. c4 Nf6 6. Nc3 Be7 7. Be2 O-O 8.
O-O Re8 9. b3 Bf8 10. f3 g6 11. Bg5 h6 12. Bh4 Nxd4 13. Qxd4 Bg7 14. Bxf6 Bxf6
15. Qd2 c6 16. Rad1 Kh7 17. Na4 Be6 18. Qxd6 Qa5 19. Qc5 Qc7 20. f4 b6 21. Qd6
Qb7 22. Bf3 Rad8 23. Qa3 Bd4+ 24. Kh1 Qc7 25. e5 b5 26. cxb5 cxb5 27. Qb4 bxa4
28. Rxd4 Rxd4 29. Qxd4 axb3 30. axb3 Bxb3 31. Rb1 Rd8 32. Qe3 Bd5 33. Bxd5 Rxd5
34. Qe4 Qd7 35. g3 a5 36. Rb6 Rd1+ 37. Kg2 Rd2+ 38. Kf3 Qh3 39. Ke3 Qxh2 40.
Qf3 Ra2 41. Ke4 Qd2 42. Qe3 Qd1 43. Rd6 Ra4+ 44. Rd4 Qh1+ 0-1

[Event "Cto de Aragon por Equipos D. Honor"]
[Site "?"]
[Date "2020.03.07"]
[Round "7.19"]
[White "Villalba Embid, Marcos"]
[Black "Hidalgo Gracia, Andres"]
[Result "1-0"]
[WhiteElo "2054"]
[BlackElo "1818"]
[PlyCount "79"]
[EventDate "2020.01.25"]
[WhiteTeam "IberCaja"]
[BlackTeam "Monzon"]

1. e4 c5 2. Nf3 e6 3. d4 cxd4 4. Nxd4 Nc6 5. Nc3 Qc7 6. g3 a6 7. Bg2 Nf6 8. O-O
Be7 9. Be3 O-O 10. g4 Nxd4 11. Bxd4 e5 12. Be3 d6 13. g5 Nd7 14. Nd5 Qd8 15.
Qd2 Re8 16. Nxe7+ Qxe7 17. Rad1 Nf8 18. Qxd6 Qxd6 19. Rxd6 Ng6 20. Bf3 Be6 21.
a3 Rac8 22. c3 Bc4 23. Rfd1 Bb5 24. Bg4 Rb8 25. f3 Nh4 26. Kf2 Bc6 27. Bd7 Bxd7
28. Rxd7 Ng6 29. Ba7 Nf8 30. Bxb8 Nxd7 31. Rxd7 Rxb8 32. Re7 f6 33. gxf6 gxf6
34. Kg3 a5 35. Kg4 b5 36. Kf5 b4 37. axb4 axb4 38. cxb4 Rxb4 39. Kxf6 h5 40.
Rxe5 1-0

[Event "Cto de Aragon por Equipos D. Honor"]
[Site "?"]
[Date "2020.03.07"]
[Round "7.20"]
[White "Rodriguez Aranda, Kevin"]
[Black "Torcal Miguel, Oscar"]
[Result "0-1"]
[WhiteElo "1738"]
[BlackElo "2046"]
[PlyCount "80"]
[EventDate "2020.01.25"]
[WhiteTeam "Monzon"]
[BlackTeam "IberCaja"]

1. e4 c5 2. Nf3 Nc6 3. d4 cxd4 4. Nxd4 g6 5. Be3 Bg7 6. Be2 Nf6 7. Nc3 d6 8. h3
O-O 9. Qd2 Nxd4 10. Bxd4 Be6 11. O-O Qa5 12. Rad1 Rfc8 13. Rfe1 a6 14. Bf3 Ne8
15. Bxg7 Kxg7 16. e5 dxe5 17. Bxb7 Rd8 18. Qe3 Rxd1 19. Bxa8 Rxe1+ 20. Qxe1 Nc7
21. Bf3 f6 22. Qd1 Qb4 23. Qd8 Qd6 24. Qb8 f5 25. Be2 Qc5 26. Qb7 a5 27. a4 e4
28. Bb5 Nd5 29. Qc6 Qxc6 30. Bxc6 Nxc3 31. bxc3 Kf6 32. Kf1 Bc4+ 33. Ke1 Ke5
34. Bb5 Bxb5 35. axb5 Kd5 36. Kd2 Kc5 37. c4 f4 38. h4 a4 39. Kc3 a3 40. Kb3 e3
0-1

[Event "Cto de Aragon por Equipos D. Honor"]
[Site "?"]
[Date "2020.03.07"]
[Round "7.21"]
[White "Garcia Fernandez, Javier"]
[Black "Cifuentes Parada, Roberto"]
[Result "1/2-1/2"]
[WhiteElo "2171"]
[BlackElo "2428"]
[PlyCount "26"]
[EventDate "2020.01.25"]
[WhiteTeam "Teruel"]
[BlackTeam "Jaque"]

1. d4 d5 2. c4 dxc4 3. Nf3 Nf6 4. e3 e6 5. Bxc4 c5 6. Nc3 Nc6 7. O-O Be7 8. Qe2
cxd4 9. Rd1 O-O 10. exd4 Na5 11. Bd3 b6 12. Bg5 Bb7 13. Ne5 Nd5 1/2-1/2

[Event "Cto de Aragon por Equipos D. Honor"]
[Site "?"]
[Date "2020.03.07"]
[Round "7.22"]
[White "Escartin Lacasa, Jose"]
[Black "Dominguez Bujeda, Jesus"]
[Result "1/2-1/2"]
[WhiteElo "2125"]
[BlackElo "2079"]
[PlyCount "36"]
[EventDate "2020.01.25"]
[WhiteTeam "Jaque"]
[BlackTeam "Teruel"]

1. d4 Nf6 2. Nf3 e6 3. g3 d5 4. Bg2 Be7 5. O-O O-O 6. c4 dxc4 7. Qc2 a6 8. a4
Nc6 9. Qxc4 Qd5 10. Qxd5 Nxd5 11. Rd1 Ndb4 12. Na3 Rd8 13. Bf4 Bd6 14. Bxd6
cxd6 15. Nc4 d5 16. Nb6 Rb8 17. Rac1 Bd7 18. e3 Be8 1/2-1/2

[Event "Cto de Aragon por Equipos D. Honor"]
[Site "?"]
[Date "2020.03.07"]
[Round "7.23"]
[White "Arpa Pardos, Emilio"]
[Black "Buisan Zaharia, Pedro"]
[Result "1/2-1/2"]
[WhiteElo "1907"]
[BlackElo "1904"]
[PlyCount "40"]
[EventDate "2020.01.25"]
[WhiteTeam "Teruel"]
[BlackTeam "Jaque"]

1. d4 d5 2. c4 c6 3. cxd5 cxd5 4. Nc3 Nf6 5. Nf3 e6 6. Bf4 Bd6 7. Bxd6 Qxd6 8.
e3 O-O 9. Bd3 b6 10. Nb5 Qb4+ 11. Qd2 Qxd2+ 12. Kxd2 Nc6 13. Ne5 Nxe5 14. dxe5
Ng4 15. f4 Nf2 16. Rhc1 Nxd3 17. Kxd3 Ba6 18. a4 Rfc8 19. Kd2 Bxb5 20. axb5
Rxc1 1/2-1/2

[Event "Cto de Aragon por Equipos D. Honor"]
[Site "?"]
[Date "2020.03.07"]
[Round "7.24"]
[White "Roque Sola, Andrea"]
[Black "Barcena Laguia, Francisco"]
[Result "1/2-1/2"]
[WhiteElo "1903"]
[BlackElo "1817"]
[PlyCount "42"]
[EventDate "2020.01.25"]
[WhiteTeam "Jaque"]
[BlackTeam "Teruel"]

1. c4 c5 2. g3 Nc6 3. Bg2 e5 4. Nc3 Nf6 5. e3 g6 6. Nge2 Bg7 7. O-O O-O 8. d3
d6 9. a3 Be6 10. Nd5 Bxd5 11. cxd5 Ne7 12. Nc3 Rb8 13. b4 cxb4 14. axb4 a6 15.
Qb3 Qd7 16. Ba3 Rfc8 17. Rfc1 Ne8 18. b5 axb5 19. Qxb5 Qxb5 20. Nxb5 Rxc1+ 21.
Rxc1 Nc8 1/2-1/2

[Event "Cto de Aragon por Equipos D. Honor"]
[Site "?"]
[Date "2020.03.07"]
[Round "7.25"]
[White "Felez Casedas, Carlos"]
[Black "Van Ojik, Mark"]
[Result "1/2-1/2"]
[WhiteElo "1971"]
[BlackElo "2291"]
[PlyCount "43"]
[EventDate "2020.01.25"]
[WhiteTeam "L'Aurora"]
[BlackTeam "ONCE C. A. Aragon"]

1. e4 e5 2. Nf3 Nc6 3. Nc3 Nf6 4. d4 Bb4 5. d5 Ne7 6. Bd3 Nexd5 7. exd5 e4 8.
Be2 exf3 9. Bxf3 O-O 10. O-O h6 11. Qd4 Ba5 12. d6 Re8 13. Bf4 Bxc3 14. Qxc3
cxd6 15. Rfe1 Re6 16. Rad1 a5 17. Rxe6 fxe6 18. Bxd6 a4 19. Bc7 Qe7 20. Bd6 Qd8
21. Bc7 Qe7 22. Bd6 1/2-1/2

[Event "Cto de Aragon por Equipos D. Honor"]
[Site "?"]
[Date "2020.03.07"]
[Round "7.26"]
[White "Gavin Roche, Enrique"]
[Black "Fuentes Espuna, Juan Antonio"]
[Result "1-0"]
[WhiteElo "2228"]
[BlackElo "1963"]
[PlyCount "67"]
[EventDate "2020.01.25"]
[WhiteTeam "ONCE C. A. Aragon"]
[BlackTeam "L'Aurora"]

1. d4 e6 2. c4 d5 3. Nc3 Nf6 4. cxd5 exd5 5. Bg5 Be7 6. e3 Bf5 7. Qb3 Nbd7 8.
Bxf6 Nxf6 9. Qxb7 Rb8 10. Bb5+ Kf8 11. Qa6 Rb6 12. Qa4 a6 13. Bxa6 Rxb2 14.
Nge2 Bg4 (14... Bc2 15. Qc6 Rb6 16. Qxb6 cxb6) 15. Rb1 Rxb1+ 16. Nxb1 Bd6 17.
Nbc3 g6 18. O-O Kg7 19. Bd3 Bd7 20. Bb5 Bf5 21. Ng3 Ng4 22. Nxf5+ gxf5 23. h3
Qh4 24. Nxd5 Rg8 25. Qc2 Nh2 26. Rd1 Kh8 27. Qxf5 Rg5 28. Qf6+ Kg8 29. Be2 h6
30. Rb1 Qe4 31. Rb8+ Bf8 32. Ne7+ Kh7 33. Qxf7+ Rg7 34. Qf5+ 1-0

[Event "Cto de Aragon por Equipos D. Honor"]
[Site "?"]
[Date "2020.03.07"]
[Round "7.27"]
[White "Puertolas Serena, Arturo"]
[Black "Laliena Solanes, Luis"]
[Result "0-1"]
[WhiteElo "1813"]
[BlackElo "2185"]
[PlyCount "76"]
[EventDate "2020.01.25"]
[WhiteTeam "L'Aurora"]
[BlackTeam "ONCE C. A. Aragon"]

1. e4 c5 2. d4 cxd4 3. c3 d3 4. Bxd3 Nc6 5. Nf3 g6 6. O-O Bg7 7. Be3 Nf6 8.
Nbd2 d5 9. h3 O-O 10. Qc2 Qc7 11. Rac1 b6 12. Rfe1 dxe4 13. Nxe4 Nd5 14. Bg5
Bb7 15. Bh4 Ne5 16. Nxe5 Bxe5 17. Bg3 Nf4 18. Bxf4 Bxf4 19. Rcd1 f5 20. Nd2 e5
21. Qb3+ Kg7 22. Nf1 Qc6 23. f3 Qc5+ 24. Kh1 Rfe8 25. Bc4 Rad8 26. Qb5 Qc6 27.
Qb4 Qc7 28. Bb5 Re7 29. Rxd8 Qxd8 30. Ba4 Rc7 31. Rd1 Qe7 32. Qxe7+ Rxe7 33.
Rd8 e4 34. fxe4 fxe4 35. Bd1 Ba6 36. g3 Bxf1 37. gxf4 e3 38. Kg1 e2 0-1

[Event "Cto de Aragon por Equipos D. Honor"]
[Site "?"]
[Date "2020.03.07"]
[Round "7.28"]
[White "Cobo Garrido, Diego Israel"]
[Black "Rodriguez Avellanas, Jose Manuel"]
[Result "1-0"]
[WhiteElo "2068"]
[BlackElo "1702"]
[PlyCount "149"]
[EventDate "2020.01.25"]
[WhiteTeam "ONCE C. A. Aragon"]
[BlackTeam "L'Aurora"]

1. e4 e6 2. d4 d5 3. Nc3 Nf6 4. Bg5 Be7 5. e5 Nfd7 6. Bxe7 Qxe7 7. Bd3 a6 8.
Qh5 Nf8 9. Nge2 Nc6 10. a3 Bd7 11. O-O Ng6 12. b4 f5 13. b5 Na5 14. bxa6 bxa6
15. Nf4 Qh4 16. g3 Qxh5 17. Nxh5 O-O 18. Ne2 Bb5 19. Bxb5 axb5 20. Rfb1 Rfb8
21. c3 Nc4 22. a4 bxa4 23. Rxb8+ Rxb8 24. Rxa4 Rb7 25. Ra6 Kf7 26. Kg2 Rb6 27.
Ra7 Rc6 28. Ra8 Nd2 29. Rb8 Ne4 30. Rb3 Nd2 31. Rb2 Nc4 32. Rb8 Nd2 33. f3 Nc4
34. Kf2 Nb6 35. Ke1 Nd7 36. Rb7 Ngf8 37. h4 g6 38. Nhf4 Ke7 39. Ra7 Nb6 40. Nd3
Nc8 41. Ra8 Kd7 42. Kd2 Rb6 43. Kc2 h6 44. Nef4 Kd8 45. Nc5 g5 46. hxg5 hxg5
47. Nh3 Nh7 48. Nf2 Nf8 49. g4 Nd7 50. Ncd3 Rb8 51. Rxb8 Nxb8 52. Nh3 Nd7 53.
gxf5 exf5 54. Nxg5 Ne7 55. Ne6+ Kc8 56. Kd2 Kb7 57. Ke3 Kb6 58. Ng7 Kb5 59. Nb2
Nf8 60. Ne8 c5 61. Nd3 cxd4+ 62. cxd4 Kc4 63. Nd6+ Kc3 64. Nf4 Kc2 65. Nb5 Kb3
66. Kd3 Nd7 67. Nd6 Nf8 68. Ne8 Nfg6 69. Nxg6 Nxg6 70. Nc7 Ne7 71. Ne6 Kb4 72.
Ke3 Ng6 73. Ng7 f4+ 74. Kd3 Nf8 75. e6 1-0

[Event "Cto de Aragon por Equipos D. Honor"]
[Site "?"]
[Date "2020.03.07"]
[Round "7.29"]
[White "Sanchez Herrera, Miguel"]
[Black "Antonano Fedz-Quincoces, Avelino"]
[Result "1-0"]
[WhiteElo "2074"]
[BlackElo "2041"]
[PlyCount "83"]
[EventDate "2020.01.25"]
[WhiteTeam "Agrupacion B"]
[BlackTeam "St. Casablanca B"]

1. Nf3 e6 2. d4 Nf6 3. e3 c5 4. c3 cxd4 5. exd4 d6 6. Bd3 Be7 7. O-O O-O 8. h3
b6 9. Bf4 Bb7 10. Nbd2 Nbd7 11. Re1 Re8 12. Rc1 Bf8 13. Bb1 Qc7 14. Qc2 e5 15.
dxe5 dxe5 16. Bg3 Bd6 17. Ng5 h6 18. Nge4 Nxe4 19. Nxe4 Bxe4 20. Qxe4 Nf6 21.
Qf5 Re6 22. Rcd1 Rae8 23. Rd2 g6 24. Qc2 Nh5 25. Bh2 Nf4 26. Bxf4 exf4 27. Rde2
Be5 28. Qd3 Qc6 29. Re4 f5 30. R4e2 Bc7 31. Bc2 Rxe2 32. Rxe2 Rd8 33. Bb3+ Kf8
34. Qb1 f3 35. Re6 Rd6 36. Re3 fxg2 37. Qe1 f4 38. Re7 Rf6 39. Rh7 Qd6 40. Rh8+
Kg7 41. Qe8 Rf5 42. h4 1-0

[Event "Cto de Aragon por Equipos D. Honor"]
[Site "?"]
[Date "2020.03.07"]
[Round "7.31"]
[White "Garcia Morales, Roberto"]
[Black "Sanjulian Arruga, Pablo"]
[Result "1-0"]
[WhiteElo "2039"]
[BlackElo "1961"]
[PlyCount "61"]
[EventDate "2020.01.25"]
[WhiteTeam "Agrupacion B"]
[BlackTeam "St. Casablanca B"]

1. e4 e5 2. Nf3 Nc6 3. Bb5 a6 4. Ba4 Nf6 5. O-O Bc5 6. c3 O-O 7. d4 Ba7 8. Re1
b5 9. Bb3 d6 10. h3 h6 11. Be3 Bb7 12. Nbd2 Re8 13. a4 exd4 14. cxd4 d5 15.
axb5 axb5 16. e5 Ne4 17. Bc2 Nb4 18. Bb1 Qe7 19. Nb3 Bb6 20. Rxa8 Rxa8 21. Qe2
Bc6 22. Rc1 Bd7 23. Nfd2 Nxd2 24. Qxd2 Ra4 25. Nc5 Bxc5 26. Rxc5 Ra1 27. Rc1
Ra6 28. Rxc7 Nc6 29. Rb7 Qe6 30. Kh2 Na7 31. Qc2 1-0

[Event "Cto de Aragon por Equipos D. Honor"]
[Site "?"]
[Date "2020.03.07"]
[Round "7.32"]
[White "Lazaro Abadias, Andres"]
[Black "Carruez Berges, Fernando"]
[Result "0-1"]
[WhiteElo "1528"]
[BlackElo "1999"]
[PlyCount "48"]
[EventDate "2020.01.25"]
[WhiteTeam "St. Casablanca B"]
[BlackTeam "Agrupacion B"]

1. c4 d6 2. d4 Nf6 3. Nc3 g6 4. e4 Bg7 5. Be2 O-O 6. Nf3 Nbd7 7. O-O e5 8. d5
Nc5 9. Bd3 a5 10. Be3 Nh5 11. Bxc5 dxc5 12. Ne2 f5 13. a3 a4 14. Nc3 Nf4 15.
Bc2 fxe4 16. Nxe4 Bg4 17. Nxc5 Nxg2 18. Be4 Nh4 19. Qd3 Bxf3 20. Ne6 Qf6 21.
Qe3 Rf7 22. Ng5 Bh6 23. Bxf3 Qxg5+ 24. Qxg5 Nxf3+ 0-1

[Event "Cto de Aragon por Equipos Preferente"]
[Site "?"]
[Date "2020.03.07"]
[Round "7.33"]
[White "Martinez Cebolla, Alberto"]
[Black "Malo Guillen, Jose Luis"]
[Result "0-1"]
[WhiteElo "2075"]
[BlackElo "2099"]
[PlyCount "94"]
[EventDate "2020.??.??"]
[WhiteTeam "IberCaja B"]
[BlackTeam "Las Fuentes A"]

1. e4 e5 2. Nf3 Nc6 3. Bc4 Bc5 4. c3 Nf6 5. d4 exd4 6. cxd4 Bb4+ 7. Bd2 Nxe4 8.
Bxb4 Nxb4 9. Bxf7+ Kxf7 10. Qb3+ Kf8 11. Qxb4+ Qe7 12. Qxe7+ Kxe7 13. O-O Kd8
14. Re1 Nf6 15. Nc3 d6 16. Ng5 Rf8 17. Rac1 h6 18. Ne6+ Bxe6 19. Rxe6 Kd7 20.
d5 Rae8 21. Rce1 Rxe6 22. dxe6+ Ke7 23. Nb5 a6 24. Nd4 g6 25. f4 c5 26. Nf3 Nd5
27. Nh4 Nxf4 28. g3 g5 29. gxf4 gxh4 30. Re4 Rf5 31. Kg2 d5 32. Re3 Rxf4 33.
Re5 Rd4 34. Kf3 b5 35. Rh5 Kxe6 36. Rxh6+ Kf5 37. Rxa6 Rd3+ 38. Ke2 Rh3 39. b3
Rxh2+ 40. Kf3 Rc2 41. a4 Rc3+ 42. Kg2 Rxb3 43. a5 Ke4 44. Rh6 Rb2+ 45. Kh3 Ra2
46. a6 b4 47. Rxh4+ Kd3 0-1

[Event "Cto de Aragon por Equipos Preferente"]
[Site "?"]
[Date "2020.03.07"]
[Round "7.34"]
[White "Alonso Blasco, Jose Miguel"]
[Black "Sanchez Castro, Roberto"]
[Result "0-1"]
[WhiteElo "1955"]
[BlackElo "1943"]
[PlyCount "122"]
[EventDate "2020.??.??"]
[WhiteTeam "Las Fuentes A"]
[BlackTeam "IberCaja B"]

1. e4 c5 2. Nf3 Nc6 3. Bb5 Qa5 4. Qe2 e6 5. c3 a6 6. Bd3 Nge7 7. O-O Ng6 8. Bc2
Qc7 9. d4 b6 10. Rd1 Bb7 11. a4 Be7 12. Na3 O-O 13. d5 Nd8 14. Nc4 d6 15. Ne3
Nf4 16. Qf1 e5 17. g3 Ng6 18. h4 Re8 19. h5 Nf8 20. Nf5 Nd7 21. Qh3 Bf8 22. Qg4
Kh8 23. Kg2 Nf6 24. Qg5 Ng8 25. Rh1 f6 26. Qe3 Bc8 27. N3h4 Nh6 28. Nxh6 gxh6
29. Qf3 Bg7 30. Nf5 Nf7 31. Be3 Rg8 32. Nxg7 Kxg7 33. Qe2 Kh8 34. Qd2 Ng5 35.
f4 exf4 36. Bxf4 Qe7 37. Rae1 Bg4 38. Bxg5 hxg5 39. Bd1 Bd7 40. g4 Qe5 41. Rhf1
h6 42. Qf2 Rgf8 43. Qg3 Kg7 44. Qxe5 fxe5 45. Kg3 Rf4 46. b3 Raf8 47. Be2 Rxe4
48. Rxf8 Kxf8 49. Rf1+ Ke7 50. Bxa6 Rxg4+ 51. Kf2 Rf4+ 52. Ke3 Rxf1 53. Bxf1
Be8 54. Be2 c4 55. b4 Bxa4 56. Bxc4 Bd1 57. Ke4 Kf6 58. Ba2 Bxh5 59. c4 Bg6+
60. Kf3 Bf5 61. Bb3 h5 0-1

[Event "Cto de Aragon por Equipos Preferente"]
[Site "?"]
[Date "2020.03.07"]
[Round "7.35"]
[White "Millan Martin, Alfonso"]
[Black "Matamoros Villarreal, Antonio"]
[Result "1-0"]
[WhiteElo "1917"]
[BlackElo "1912"]
[PlyCount "68"]
[EventDate "2020.??.??"]
[WhiteTeam "IberCaja B"]
[BlackTeam "Las Fuentes A"]

1. c4 Nf6 2. Nc3 b6 3. Nf3 Bb7 4. e3 g6 5. b3 Bg7 6. Bb2 O-O 7. Be2 e6 8. O-O
c5 9. d4 d6 10. Qc2 Qe7 11. Rfd1 Nc6 12. Rac1 Rfd8 13. Qb1 cxd4 14. Nxd4 d5 15.
Nxc6 Bxc6 16. Bf3 Qb7 17. cxd5 Nxd5 18. Nxd5 Bxd5 19. Bxd5 Rxd5 20. Bxg7 Rxd1+
21. Rxd1 Kxg7 22. Qb2+ f6 23. Rd6 Re8 24. Qd4 Re7 25. h4 h5 26. e4 e5 27. Qd3
Qc7 28. g3 Qc1+ 29. Kg2 Qe1 30. Rd8 Qb4 31. Qd5 Kh6 32. Qa8 Rh7 33. Rh8 Qe7 34.
Qg8 Qf7 1-0